Normal view
MARC view
- Benjamin S. Blanchard
Entry Personal Name
001 - CONTROL NUMBER
- control field: 1067
003 - CONTROL NUMBER IDENTIFIER
- control field: OSt
005 - DATE AND TIME OF LATEST TRANSACTION
- control field: 20160720150939.0
008 - FIXED-LENGTH DATA ELEMENTS
- fixed length control field: 160720|| aca||aabn | a|a d
040 ## - CATALOGING SOURCE
- Original cataloging agency: OSt
- Transcribing agency: OSt
100 ## - HEADING--PERSONAL NAME
- Personal name: Benjamin S. Blanchard
670 ## - SOURCE DATA FOUND
- Source citation: Work cat.: (OSt): Benjamin S. Blanchard, Logistics Engineering and Management, 2009
